00498nam a22001337a 4500003000400000008004100004020001800045082001600063245007800079260005500157300001400212650011700226700002100343OSt260701b |||||||| |||| 00| 0 eng d a9789372193725 a658.5bP89T aTechnology Commercialization and Incubation/ by Kausik Pradhan...[et al.] aNew Delhi : bNew India Publishing Agency, c2026. ax, 219 p. aTechnology (Applied Sciences) | Management and Auxiliary Services | Production Management | Operation Management aPradhan, Kausik